000 00494nam a2200181Ia 4500
001 11411
005 20260306162826.0
008 260306t1972||||xx |||||||||||||| ||spa||
041 _aESP
082 _a985.04
_bS71
100 _aSotomayor Gutierrez, Luis Alberto
_eAUT
245 0 _aLa acción emancipadora del Perú antes de la llegada de la expedición libertadora
260 _c1972
300 _a60 páginas :
_c24 cm.
650 _aGEN
654 _aCHU
942 _cLIB
_dJUS
_fJUS
_2ddc
_n
999 _c11411
_d11411